Slovenia in the Eurovision Song Contest - Statistics

General Stats
  • This quiz has been taken 20 times
    11 since last reset
  • The average score is 10 of 30
Answer Stats
Answer % Correct
Carpe Diem
89%
How Much Time Do We Have Left?
89%
Amen
78%
Veronika
78%
Disko
67%
Samo ljubezen
56%
Hvala, ne!
44%
Sebi
44%
Blue and Red
33%
Here For You
33%
Nanana
33%
On My Way
33%
Round and Round
33%
Stop
33%
Tih deževen dan
33%
Cvet z juga
22%
Energy
22%
Love Symphony
22%
Mr Nobody
22%
Naj bogovi slišijo
22%
No One
22%
Prisluhni mi
22%
Straight Into Love
22%
Zbudi se
22%
Dan najlepših sanj
11%
For A Thousand Years
11%
Narodnozabavni rock
11%
Stay Forever
11%
Verjamem
11%
Vrag naj vzame
11%
No matching quizzes found
Score Distribution
Percent of People with Each Score
Percentile by Number Answered
Your Score History
You have not taken this quiz since the last reset